Derecho ambiental (Record no. 2167)
[ view plain ]
| 000 -LEADER | |
|---|---|
| fixed length control field | 00875cam a22003017a 4500 |
| 001 - CONTROL NUMBER | |
| control field | 002177 |
| 003 - CONTROL NUMBER IDENTIFIER | |
| control field | armpunfd |
| 005 - DATE AND TIME OF LATEST TRANSACTION | |
| control field | 20241218155515.0 |
| 008 - FIXED-LENGTH DATA ELEMENTS--GENERAL INFORMATION | |
| fixed length control field | 081118e0####xx#a##########000#0#und#d |
| 040 ## - CATALOGING SOURCE | |
| Original cataloging agency | armpunfd |
| Transcribing agency | armpunfd |
| 080 ## - UNIVERSAL DECIMAL CLASSIFICATION NUMBER | |
| Universal Decimal Classification number | 349.6 B 862 |
| 100 10 - MAIN ENTRY--PERSONAL NAME | |
| Personal name | Hutchinson, Tomas |
| 245 10 - TITLE STATEMENT | |
| Title | Derecho ambiental |
| 260 ## - PUBLICATION, DISTRIBUTION, ETC. (IMPRINT) | |
| Place of publication, distribution, etc | Uenos Aires : Colegio De Abogados De La Provincia De Buenos Aires |
| Name of publisher, distributor, etc | 200?. |
| 650 #7 - SUBJECT ADDED ENTRY--TOPICAL TERM | |
| Topical term or geographic name as entry element | Derecho Ambiental |
| Source of heading or term | LEMB |
| 650 #7 - SUBJECT ADDED ENTRY--TOPICAL TERM | |
| Topical term or geographic name as entry element | Impacto Ambiental |
| Source of heading or term | LEMB |
| 650 #7 - SUBJECT ADDED ENTRY--TOPICAL TERM | |
| Topical term or geographic name as entry element | Politica Ambiental |
| Source of heading or term | LEMB |
| 650 #7 - SUBJECT ADDED ENTRY--TOPICAL TERM | |
| Topical term or geographic name as entry element | Tutela Del Ambiente |
| Source of heading or term | LEMB |
| 700 10 - ADDED ENTRY--PERSONAL NAME | |
| Personal name | Bueres, Alberto |
| 700 10 - ADDED ENTRY--PERSONAL NAME | |
| Personal name | Donna, Edgardo |
| 700 10 - ADDED ENTRY--PERSONAL NAME | |
| Personal name | Gozaini, Osvaldo |
| 700 10 - ADDED ENTRY--PERSONAL NAME | |
| Personal name | Sabsay, Daniel |
| 942 ## - ADDED ENTRY ELEMENTS (KOHA) | |
| Koha item type | LIBRO |
| Source of classification or shelving scheme | |
| 945 ## - LOCAL PROCESSING INFORMATION (OCLC) | |
| a | Catalis |
| d | 2010-08-19 |
| 945 ## - LOCAL PROCESSING INFORMATION (OCLC) | |
| a | Catalis |
| d | 2010-08-19 |
| 945 ## - LOCAL PROCESSING INFORMATION (OCLC) | |
| a | Catalis |
| d | 2010-08-19 |
| 945 ## - LOCAL PROCESSING INFORMATION (OCLC) | |
| a | Catalis |
| d | 2010-08-19 |
| Withdrawn status | Lost status | Source of classification or shelving scheme | Damaged status | Not for loan | Home library | Current library | Shelving location | Date acquired | Total Checkouts | Total Renewals | Full call number | Barcode | Date last seen | Date checked out | Price effective from | Koha item type |
|---|---|---|---|---|---|---|---|---|---|---|---|---|---|---|---|---|
| Bib. Derecho | Bib. Derecho | Sector Prestamo | 12/06/2014 | 8 | 4 | 349.6 B 862 | 202371 | 21/03/2019 | 12/03/2019 | 12/06/2014 | LIBRO | |||||
| Bib. Derecho | Bib. Derecho | Sector Prestamo | 12/06/2014 | 349.6 B 862 | 202372 | 12/06/2014 | 12/06/2014 | LIBRO | ||||||||
| Bib. Derecho | Bib. Derecho | Sala de Lectura | 12/06/2014 | 349.6 B 862 | 202103 | 12/06/2014 | 12/06/2014 | LIBRO (Consulta) | ||||||||
| Bib. Derecho | Bib. Derecho | Sala de Lectura | 12/06/2014 | 1 | 349.6 B 862 | 202373 | 25/08/2016 | 21/05/2015 | 12/06/2014 | LIBRO (Consulta) | ||||||
| Bib. Derecho | Bib. Derecho | Sector Prestamo | 25/04/2023 | 1 | 349.6 B 862 | 204356 | 07/05/2024 | 02/05/2024 | 25/04/2023 | LIBRO | ||||||
| Bib. Derecho | Bib. Derecho | Biblioteca Graduados | 18/12/2024 | 349.6 B 862 | 302063 | 18/12/2024 | 18/12/2024 | LIBRO (Consulta) | ||||||||
| Bib. Derecho | Bib. Derecho | Biblioteca Graduados | 18/12/2024 | 349.6 B 862 | 302064 | 18/12/2024 | 18/12/2024 | LIBRO | ||||||||
| Bib. Derecho | Bib. Derecho | Biblioteca Graduados | 18/12/2024 | 349.6 B 862 | 302065 | 18/12/2024 | 18/12/2024 | LIBRO | ||||||||
| Bib. Derecho | Bib. Derecho | Biblioteca Graduados | 18/12/2024 | 349.6 B 862 | 302066 | 18/12/2024 | 18/12/2024 | LIBRO | ||||||||
| Bib. Derecho | Bib. Derecho | Biblioteca Graduados | 18/12/2024 | 349.6 B 862 | 302067 | 18/12/2024 | 18/12/2024 | LIBRO | ||||||||
| Bib. Derecho | Bib. Derecho | Biblioteca Graduados | 18/12/2024 | 349.6 B 862 | 302068 | 18/12/2024 | 18/12/2024 | LIBRO | ||||||||
| Bib. Derecho | Bib. Derecho | Biblioteca Graduados | 18/12/2024 | 349.6 B 862 | 302069 | 18/12/2024 | 18/12/2024 | LIBRO | ||||||||
| Bib. Derecho | Bib. Derecho | Biblioteca Graduados | 18/12/2024 | 349.6 B 862 | 302070 | 18/12/2024 | 18/12/2024 | LIBRO | ||||||||
| Bib. Derecho | Bib. Derecho | Biblioteca Graduados | 18/12/2024 | 349.6 B 862 | 302071 | 18/12/2024 | 18/12/2024 | LIBRO | ||||||||
| Bib. Derecho | Bib. Derecho | Biblioteca Graduados | 18/12/2024 | 349.6 B 862 | 302072 | 18/12/2024 | 18/12/2024 | LIBRO | ||||||||
| Bib. Derecho | Bib. Derecho | Biblioteca Graduados | 18/12/2024 | 349.6 B 862 | 302073 | 18/12/2024 | 18/12/2024 | LIBRO | ||||||||
| Bib. Derecho | Bib. Derecho | Biblioteca Graduados | 18/12/2024 | 349.6 B 862 | 302074 | 18/12/2024 | 18/12/2024 | LIBRO |
